000 02804 a2200313 4500
003 Nust
005 20170207154049.0
010 _a2005043995
020 _a0-8247-2542-5
020 _a978-0-8247-2542-6
035 _a(OCoLC)ocm58919842
040 _cNust
082 0 0 _a616.07/548
245 0 0 _aAdvanced image processing in magnetic resonance imaging(E-BOOK)
_cedited by Luigi Landini, Vicenzo Positano, Maria Filomena Santarelli.
260 _aBoca Raton, FL :
_bCRC/Taylor & Francis,
_c2005.
300 _a611 p., [4] p. of plates :
_bill. (some col.) ;
_c24 cm.
440 0 _aSignal processing and communications ;
_v27
520 _aAutomation is quickly becoming the standard across nearly every area of manufacturing. Pneumatic actuators play a very important role in modern automation systems, yet until now there has been no book that takes into account the recent progress not only in the pneumatic systems themselves but also in the integration of mechatronics, electronic control systems, and modern control algorithms with pneumatic actuating systems. Filling this void, Pneumatic Actuating Systems for Automatic Equipment: Structure and Design describes novel constructions along with many of the most commonly applied pneumatic actuating systems. Covering everything from underlying principles to mechanics, numerical modeling, parameter calculation, and control algorithms, this book uses real-world-tested designs to fully illustrate the systems and components presented. After an in-depth discussion of the various types of pneumatic actuators and electropneumatic control valves, the authors explain how to determine the system state variables and then examine open-loop and closed-loop pneumatic actuating systems in detail. They emphasize both the construction and dynamics of actuators to demonstrate and verify their properties before implementation. Pneumatic Actuating Systems for Automatic Equipment: Structure and Design offers a modern treatment of the subject along with applied knowledge using practical examples and exercises to highlight the concepts. It is an ideal resource to bring you up to date on this critical component of automation.
650 0 _aImage processing.
650 0 _aMagnetic resonance imaging.
651 _aE-BOOK
700 1 _aLandini, Luigi.
700 1 _aPositano, Vicenzo.
700 1 _aSantarelli, Maria Filomena.
856 4 0 _uhttp://focus.lib.kth.se/login?url=http://www.engnetbase.com/ejournals/books/book_km.asp?id=4668
856 4 0 _uhttp://proxy.lib.chalmers.se/login?url=http://www.engnetbase.com/ejournals/books/book_km.asp?id=4668
856 4 0 _uhttp://www.engnetbase.com/ejournals/books/book_km.asp?id=4668
856 4 0 _uhttps://lt.ltag.bibl.liu.se/login?url=http://www.engnetbase.com/ejournals/books/book_km.asp?id=4668
942 _2ddc
_cBK
999 _c193039
_d193039